000 00250nam a2200109Ia 4500
008 190216s9999||||xx |||||||||||||| ||und||
100 _aAlfilov
245 0 _aBhouthigavum Sangeethavum
260 _bBhasha Institute
650 _aPhysics
942 _cBK
999 _c40102
_d40102